000 01509nam a2200385 a 4500
001 000108719
003 CHAP
005 20220329144022.0
008 140305s2012 mx sm |||||||spa d
010 _a105181
011 _a106153
040 _cCHAP
090 _aTesis
100 1 _aAcosta Hernández, Dulce Arely
_9125759
245 1 0 _aEstudio de factibilidad técnico-económico para la instalación de una planta procesadora de nopal (Opuntia ficus-indica Var. Atlixco) en Salmuera en el municipio de Cuatepec de Hinojosa, Hidalgo
_h[En línea]
_cpor Dulce Arely Acosta Hernández.
260 _aChapingo, Méx. :
_bEl autor,
_c2012.
500 _aPara ver el contenido del material haga clic en la liga
502 _aTesis (Ing. Agroindustrial ) -- UACH. Departamento de Ingeniería Agroindustrial
590 _aBATCH-UPD
_b05
_c20140324
_lUCH01
_h1536
590 _aBATCH-UPD
_b05
_c20141002
_lUCH01
_h0857
590 _aBATCH
_b00
_c20181121
_lUCH01
_h0758
590 _aE6096MTM
_b05
_c20140305
_lUCH01
_h1426
590 _aE6096MTM
_b05
_c20140305
_lUCH01
_h1426
650 1 4 _aEstudios de factibilidad.
_938520
650 1 4 _aIndustrias agrícolas.
_957925
650 1 4 _aNopal
_xHidalgo.
_981674
650 1 4 _aNopal
_xIndustria.
_981676
650 1 4 _aPlantas industriales.
_989009
700 1 _aCarrasco Castelán, Víctor Alfonso
_9125760
856 _a1
_n0000029
856 _aFinding aid
_uhttp://10.13.5.2/tesis/sist108719.pdf
_zTeclea aquí
901 _aBK
942 _cCD
942 _n0
999 _c105181
_d105181